| 000 | 00602cam a2200217ua 4500 | ||
|---|---|---|---|
| 020 | _a0-07-099005-0 | ||
| 041 |
_aeng _h |
||
| 082 |
_a515 _bAYR/TH |
||
| 100 |
_aAyres, Frank . _95998 |
||
| 245 |
_aTheory and problems of differential and integral calculus in SI Metric units / _cFrank Ayres. _hTextual Documents |
||
| 250 |
_a2 / _b. |
||
| 260 |
_aNew York : _bMc Graw Hill Book Company , _c1972. |
||
| 300 | _a346 ; . | ||
| 440 | 0 |
_aSchaum`s outline series, _v _x; _95999 |
|
| 490 | 0 |
_aSchaum`s outline series, _v _x; |
|
| 504 | _a | ||
| 942 | _cBK | ||
| 999 |
_c97 _d97 |
||
| 003 | @ | ||
| 003 | OSt | ||